Parte práctica de botánica / (Record no. 157773)

MARC details
000 -LEADER
campo de control de longitud fija 01759nam a2200289 i 4500
001 - NÚMERO DE CONTROL
campo de control 157773
003 - IDENTIFICADOR DE NÚMERO DE CONTROL
campo de control ES-MaACL
005 - FECHA Y HORA DE LA ÚLTIMA TRANSACCIÓN
campo de control 20250930063137.0
008 - DATOS DE LONGITUD FIJA--INFORMACIÓN GENERAL
campo de control de longitud fija 931025s1788 sp f |||| | spa d
080 ## - NÚMERO DE LA CLASIFICACIÓN DECIMAL UNIVERSAL
Número de la Clasificación Decimal Universal 58
100 0# - ENTRADA PRINCIPAL--NOMBRE DE PERSONA
Nombre de persona Linné, Carl von,
Fechas asociadas al nombre 1707-1778
9 (RLIN) 72451
245 10 - MENCIÓN DEL TÍTULO
Título Parte práctica de botánica /
Mención de responsabilidad, etc. del caballero Cárlos Linneo ; que comprehende las clases, órdenes, géneros, especies y variedades de las plantas... ; traducida del latin en castellano e ilustrada por Don Antonio Paláu y Verdéra... ; tomo VIII.
260 ## - PUBLICACIÓN, DISTRIBUCIÓN, ETC.
Lugar de publicación, distribución, etc. En Madrid :
Nombre del editor, distribuidor, etc. en la Imprenta Real,
Fecha de publicación, distribución, etc. 1788.
300 ## - DESCRIPCIÓN FÍSICA
Extensión [4], 782 [i.e. 482], CLXXVIII p., [2] h. pleg. de lám. ;
Dimensiones 8º.
505 8# - NOTA DE CONTENIDO CON FORMATO
Nota de contenido con formato Contiene: Explicacion del sistéma botánico del caballero Cárlos Linneo... / por Mr. Antonio Gouan, p. I-CXXV . Conclusiones publicas de botánica que... defendieron... Pedro Perez del Carmen..., Jayme Miralles..., Joseph Garriga... y don Antonio Caiña... baxo la direccion de... Antonio Paláu y Verdéra, p. CXXVII-CLXXVIII
546 ## - NOTA DE IDIOMA
Nota de lengua/lenguaje Texto paralelo latín-español.
597 ## - NOTA DE DESCRIPCIÓN FÍSICA
NOTA DE DESCRIPCIÓN FÍSICA Sign.: [ ]2, A-Z8, 2A-2G8, 2H1, A-L8, M1.
597 ## - NOTA DE DESCRIPCIÓN FÍSICA
NOTA DE DESCRIPCIÓN FÍSICA Error de pag.: en la última p. numerada de la primera secuencia de paginación.
597 ## - NOTA DE DESCRIPCIÓN FÍSICA
NOTA DE DESCRIPCIÓN FÍSICA Parte del texto a dos col.
597 ## - NOTA DE DESCRIPCIÓN FÍSICA
NOTA DE DESCRIPCIÓN FÍSICA Las CLXXVIII p. enc. tras port. y [2] h. pleg. de lám.
599 ## - NOTA A LAS ILUSTRACIONES
NOTA A LAS ILUSTRACIONES Lám: grab. calc. "Man\pl\s. de la Cruz del\pa\s., Simon Brieva lo gra\pa\s.", retrato de Carlos de Linneo.
650 #7 - PUNTO DE ACCESO ADICIONAL DE MATERIA--TÉRMINO DE MATERIA
Término de materia o nombre geográfico como elemento de entrada Botánica
Fuente del encabezamiento o término embne
9 (RLIN) 10610
700 1# - ENTRADA AGREGADA--NOMBRE PERSONAL
Nombre de persona Gouan, Antoine.
Título de la obra Explicacion del sistéma Botánico del Caballero Cárlos Linneo ...
9 (RLIN) 127495
700 1# - ENTRADA AGREGADA--NOMBRE PERSONAL
Nombre de persona Palau y Verdera, Antonio.
9 (RLIN) 88508
852 4# - LOCALIZACIÓN
Ubicación ES-MaACL
Número de control de estantería R-2161-69
Nota libre - Enc. pasta
Encuadernación Olim G-7070-87
Holdings
Estatus retirado Estado de pérdida Estado de daño No para préstamo Colección Biblioteca de origen Biblioteca actual Ubicación en estantería Fecha de adquisición Total de préstamos Signatura topográfica completa Código de barras Visto por última vez Precio de reemplazo Tipo de ítem Koha
        Libros del s. XVIII Biblioteca del Ateneo de Madrid Biblioteca del Ateneo de Madrid Depósito 17/01/2008   R-2161-69 1165109 23/02/2023 23/02/2023 Libro impreso antiguo